[Event "56th Hull Congress"]
[Site "Hull"]
[Date "2019.11.02"]
[Round "2"]
[Board "18"]
[White "Varley, Joe"]
[Black "Kilshaw, Joe"]
[Result "0-1"]
[WhiteElo "1589"]
[BlackElo "2029"]
[PlyCount "0"]
[EventDate "2019.11.01"]
[EventRounds "5"]
[EventCountry "ENG"]

1. e4 {[%clk 01:30:56]} {[%emt 00:00:03]} g6 {[%clk 01:30:47]} {[%emt
00:00:13]} 2. d4 {[%clk 01:31:13]} {[%emt 00:00:13]} Bg7 {[%clk 01:31:10]}
{[%emt 00:00:06]} 3. Nf3 {[%clk 01:28:24]} {[%emt 00:03:20]} c6 {[%clk
01:29:51]} {[%emt 00:01:48]} 4. Bd3 {[%clk 01:25:43]} {[%emt 00:03:12]} d6
{[%clk 01:26:35]} {[%emt 00:03:45]} 5. O-O {[%clk 01:24:01]} {[%emt 00:02:12]}
Bg4 {[%clk 01:24:57]} {[%emt 00:02:08]} 6. c3 {[%clk 01:23:40]} {[%emt
00:00:51]} Bxf3 {[%clk 01:24:01]} {[%emt 00:01:26]} 7. Qxf3 {[%clk 01:23:49]}
{[%emt 00:00:21]} Nd7 {[%clk 01:23:41]} {[%emt 00:00:50]} 8. Be3 {[%clk
01:20:30]} {[%emt 00:03:50]} e5 {[%clk 01:21:07]} {[%emt 00:03:04]} 9. Na3
{[%clk 01:14:50]} {[%emt 00:06:11]} Ngf6 {[%clk 01:14:07]} {[%emt 00:07:28]} 10.
Qe2 {[%clk 01:06:44]} {[%emt 00:08:37]} O-O {[%clk 01:06:27]} {[%emt 00:08:08]}
11. f4 {[%clk 00:59:18]} {[%emt 00:07:57]} exd4 {[%clk 01:02:24]} {[%emt
00:04:33]} 12. cxd4 {[%clk 00:51:59]} {[%emt 00:07:49]} Re8 {[%clk 01:00:56]}
{[%emt 00:01:59]} 13. Qf3 {[%clk 00:51:38]} {[%emt 00:00:51]} Qe7 {[%clk
00:59:46]} {[%emt 00:01:38]} 14. e5 {[%clk 00:44:01]} {[%emt 00:08:09]} Nd5
{[%clk 00:57:19]} {[%emt 00:02:55]} 15. Bd2 {[%clk 00:42:16]} {[%emt 00:02:16]}
dxe5 {[%clk 00:45:42]} {[%emt 00:12:07]} 16. fxe5 {[%clk 00:40:32]} {[%emt
00:02:14]} N7b6 {[%clk 00:43:28]} {[%emt 00:02:44]} 17. Rac1 {[%clk 00:30:56]}
{[%emt 00:10:06]} Rad8 {[%clk 00:42:04]} {[%emt 00:01:53]} 18. Nc4 {[%clk
00:29:53]} {[%emt 00:01:33]} Nxc4 {[%clk 00:38:28]} {[%emt 00:04:06]} 19. Bxc4
{[%clk 00:29:47]} {[%emt 00:00:36]} Rd7 {[%clk 00:36:22]} {[%emt 00:02:34]} 20.
Qg4 {[%clk 00:25:00]} {[%emt 00:05:18]} Qe6 {[%clk 00:30:34]} {[%emt 00:06:19]}
21. Qxe6 {[%clk 00:22:48]} {[%emt 00:02:41]} Rxe6 {[%clk 00:26:26]} {[%emt
00:04:38]} 22. Bg5 {[%clk 00:21:20]} {[%emt 00:01:59]} h6 {[%clk 00:26:12]}
{[%emt 00:00:44]} 23. Bh4 {[%clk 00:19:27]} {[%emt 00:02:23]} Re8 {[%clk
00:20:33]} {[%emt 00:06:09]} 24. Bxd5 {[%clk 00:18:26]} {[%emt 00:01:30]} Rxd5
{[%clk 00:20:33]} {[%emt 00:00:30]} 25. Rfd1 {[%clk 00:14:08]} {[%emt
00:04:48]} g5 {[%clk 00:19:33]} {[%emt 00:01:30]} 26. Bf2 {[%clk 00:14:27]}
{[%emt 00:00:11]} Red8 {[%clk 00:19:19]} {[%emt 00:00:44]} 27. Re1 {[%clk
00:13:41]} {[%emt 00:01:15]} Kf8 {[%clk 00:17:52]} {[%emt 00:01:54]} 28. Re4
{[%clk 00:12:01]} {[%emt 00:02:13]} f6 {[%clk 00:12:15]} {[%emt 00:06:06]} 29.
Rce1 {[%clk 00:09:16]} {[%emt 00:03:16]} fxe5 {[%clk 00:09:06]} {[%emt
00:03:39]} 30. dxe5 {[%clk 00:09:24]} {[%emt 00:00:22]} b6 {[%clk 00:09:27]}
{[%emt 00:00:09]} 31. Bg3 {[%clk 00:08:36]} {[%emt 00:01:18]} Rd1 {[%clk
00:08:37]} {[%emt 00:01:19]} 32. Kf2 {[%clk 00:07:12]} {[%emt 00:01:53]} Rxe1
{[%clk 00:08:15]} {[%emt 00:00:53]} 33. Rxe1 {[%clk 00:07:15]} {[%emt
00:00:27]} Ke7 {[%clk 00:08:18]} {[%emt 00:00:25]} 34. Re2 {[%clk 00:06:27]}
{[%emt 00:01:20]} Ke6 {[%clk 00:08:41]} {[%emt 00:00:07]} 35. Kf3 {[%clk
00:04:37]} {[%emt 00:02:20]} h5 {[%clk 00:07:59]} {[%emt 00:01:11]} 36. h3
{[%clk 00:03:55]} {[%emt 00:01:12]} Rd5 {[%clk 00:08:13]} {[%emt 00:00:16]} 37.
b3 {[%clk 00:01:40]} {[%emt 00:02:45]} Bxe5 {[%clk 00:08:27]} {[%emt 00:00:15]}
38. Bxe5 {[%clk 00:01:45]} {[%emt 00:00:25]} Rxe5 {[%clk 00:08:49]} {[%emt
00:00:08]} 39. Rd2 {[%clk 00:02:02]} {[%emt 00:00:13]} Rd5 {[%clk 00:08:01]}
{[%emt 00:01:18]} 40. Re2+ {[%clk 00:02:01]} {[%emt 00:00:31]} Kf7 {[%clk
00:07:24]} {[%emt 00:01:07]} 41. Rc2 {[%clk 00:02:11]} {[%emt 00:00:21]} c5
{[%clk 00:07:39]} {[%emt 00:00:13]} 42. Re2 {[%clk 00:02:10]} {[%emt 00:00:32]}
Rd4 {[%clk 00:06:56]} {[%emt 00:01:12]} 43. Ke3 {[%clk 00:01:05]} {[%emt
00:01:37]} Kf6 {[%clk 00:06:30]} {[%emt 00:00:55]} 44. Rc2 {[%clk 00:01:09]}
{[%emt 00:00:27]} Ke5 {[%clk 00:06:49]} {[%emt 00:00:10]} 45. g3 {[%clk
00:01:06]} {[%emt 00:00:33]} h4 {[%clk 00:06:32]} {[%emt 00:00:48]} 46. g4
{[%clk 00:01:10]} {[%emt 00:00:26]} a5 {[%clk 00:06:03]} {[%emt 00:00:59]} 47.
Rc4 {[%clk 00:01:10]} {[%emt 00:00:30]} Kd5 {[%clk 00:05:57]} {[%emt 00:00:37]}
48. Rc2 {[%clk 00:01:02]} {[%emt 00:00:38]} b5 {[%clk 00:05:37]} {[%emt
00:00:50]} 49. Rf2 {[%clk 00:01:15]} {[%emt 00:00:16]} Re4+ {[%clk 00:05:30]}
{[%emt 00:00:37]} 50. Kd3 {[%clk 00:01:35]} {[%emt 00:00:10]} c4+ {[%clk
00:05:14]} {[%emt 00:00:46]} 51. bxc4+ {[%clk 00:01:57]} {[%emt 00:00:08]}
bxc4+ {[%clk 00:05:33]} {[%emt 00:00:12]} 52. Kd2 {[%clk 00:02:10]} {[%emt
00:00:17]} Kd4 {[%clk 00:05:36]} {[%emt 00:00:26]} 53. Rf8 {[%clk 00:00:35]}
{[%emt 00:02:05]} c3+ {[%clk 00:05:29]} {[%emt 00:00:37]} 54. Kd1 {[%clk
00:00:34]} {[%emt 00:00:31]} Kd3 {[%clk 00:05:29]} {[%emt 00:00:30]} 55. Rd8+
{[%clk 00:00:36]} {[%emt 00:00:28]} Rd4 {[%clk 00:05:27]} {[%emt 00:00:32]} 56.
Rc8 {[%clk 00:00:45]} {[%emt 00:00:22]} Rc4 {[%clk 00:03:58]} {[%emt 00:01:57]}
57. Rd8+ {[%clk 00:01:10]} {[%emt 00:00:06]} Ke3 {[%clk 00:03:25]} {[%emt
00:01:02]} 58. Kc2 {[%clk 00:01:34]} {[%emt 00:00:07]} Kf3 {[%clk 00:01:19]}
{[%emt 00:02:35]} 59. Rd3+ {[%clk 00:01:42]} {[%emt 00:00:23]} Kg2 {[%clk
00:01:41]} {[%emt 00:00:08]} 60. Re3 {[%clk 00:02:04]} {[%emt 00:00:08]} Rf4
{[%clk 00:01:46]} {[%emt 00:00:25]} 61. Rxc3 {[%clk 00:01:20]} {[%emt
00:01:14]} Rf2+ {[%clk 00:02:09]} {[%emt 00:00:07]} 62. Kb3 {[%clk 00:01:11]}
{[%emt 00:00:39]} Rf3 {[%clk 00:02:33]} {[%emt 00:00:06]} 63. Rxf3 {[%clk
00:01:34]} {[%emt 00:00:06]} Kxf3 {[%clk 00:02:54]} {[%emt 00:00:10]} 64. Ka4
{[%clk 00:01:59]} {[%emt 00:00:05]} Kg3 {[%clk 00:03:19]} {[%emt 00:00:05]} 65.
Kxa5 {[%clk 00:02:20]} {[%emt 00:00:10]} Kxh3 {[%clk 00:03:44]} {[%emt
00:00:05]} 66. Kb6 {[%clk 00:02:44]} {[%emt 00:00:06]} Kxg4 {[%clk 00:03:57]}
{[%emt 00:00:17]} 67. a4 {[%clk 00:03:05]} {[%emt 00:00:09]} h3 {[%clk
00:04:21]} {[%emt 00:00:05]} 68. a5 {[%clk 00:03:28]} {[%emt 00:00:09]} h2
{[%clk 00:04:43]} {[%emt 00:00:07]}  0-1

[Event "56th Hull Congress"]
[Site "Hull"]
[Date "2019.11.02"]
[Round "2"]
[Board "19"]
[White "Varney, Zoe"]
[Black "Patrick, David A"]
[Result "0-1"]
[WhiteElo "2009"]
[BlackElo "1880"]
[PlyCount "0"]
[EventDate "2019.11.01"]
[EventRounds "5"]
[EventCountry "ENG"]

1. e4 {[%clk 01:30:57]} {[%emt 00:00:02]} e6 {[%clk 01:30:54]} {[%emt
00:00:06]} 2. d4 {[%clk 01:31:23]} {[%emt 00:00:04]} d5 {[%clk 01:31:19]}
{[%emt 00:00:05]} 3. exd5 {[%clk 01:31:48]} {[%emt 00:00:05]} exd5 {[%clk
01:31:42]} {[%emt 00:00:08]} 4. Nf3 {[%clk 01:32:14]} {[%emt 00:00:04]} Bg4
{[%clk 01:30:59]} {[%emt 00:01:10]} 5. h3 {[%clk 01:30:11]} {[%emt 00:02:35]}
Bh5 {[%clk 01:30:00]} {[%emt 00:01:26]} 6. c4 {[%clk 01:29:29]} {[%emt
00:01:15]} Bb4+ {[%clk 01:28:47]} {[%emt 00:01:43]} 7. Nc3 {[%clk 01:27:25]}
{[%emt 00:02:35]} Nc6 {[%clk 01:24:28]} {[%emt 00:04:49]} 8. Be3 {[%clk
01:25:12]} {[%emt 00:02:43]} Nf6 {[%clk 01:22:55]} {[%emt 00:02:02]} 9. Rc1
{[%clk 01:10:07]} {[%emt 00:15:36]} O-O {[%clk 01:21:04]} {[%emt 00:02:20]} 10.
c5 {[%clk 01:04:10]} {[%emt 00:06:28]} Re8 {[%clk 01:15:24]} {[%emt 00:06:05]}
11. Be2 {[%clk 01:03:14]} {[%emt 00:01:32]} Ne4 {[%clk 01:12:12]} {[%emt
00:03:42]} 12. O-O {[%clk 01:02:15]} {[%emt 00:01:29]} Bxc3 {[%clk 01:10:42]}
{[%emt 00:02:01]} 13. bxc3 {[%clk 01:02:34]} {[%emt 00:00:11]} Ng3 {[%clk
01:05:34]} {[%emt 00:05:38]} 14. fxg3 {[%clk 00:58:24]} {[%emt 00:04:41]} Rxe3
{[%clk 01:05:16]} {[%emt 00:00:47]} 15. g4 {[%clk 00:53:31]} {[%emt 00:05:23]}
Bg6 {[%clk 01:04:46]} {[%emt 00:00:56]} 16. Qd2 {[%clk 00:50:48]} {[%emt
00:03:17]} Re7 {[%clk 01:01:57]} {[%emt 00:03:12]} 17. c4 {[%clk 00:49:36]}
{[%emt 00:01:49]} Be4 {[%clk 00:59:19]} {[%emt 00:03:08]} 18. Ng5 {[%clk
00:41:11]} {[%emt 00:08:55]} Bg6 {[%clk 00:52:11]} {[%emt 00:07:37]} 19. cxd5
{[%clk 00:39:30]} {[%emt 00:02:12]} Qxd5 {[%clk 00:47:45]} {[%emt 00:04:56]} 20.
Nf3 {[%clk 00:38:01]} {[%emt 00:01:58]} Na5 {[%clk 00:39:38]} {[%emt 00:08:37]}
21. Rf2 {[%clk 00:34:44]} {[%emt 00:03:47]} b6 {[%clk 00:37:46]} {[%emt
00:02:22]} 22. Qc3 {[%clk 00:26:04]} {[%emt 00:09:11]} Rd8 {[%clk 00:35:40]}
{[%emt 00:02:36]} 23. Bf1 {[%clk 00:22:35]} {[%emt 00:03:59]} h6 {[%clk
00:32:29]} {[%emt 00:03:41]} 24. Rd2 {[%clk 00:13:05]} {[%emt 00:10:00]} Kh8
{[%clk 00:23:30]} {[%emt 00:09:28]} 25. Qa3 {[%clk 00:09:52]} {[%emt 00:03:43]}
Rde8 {[%clk 00:22:01]} {[%emt 00:01:59]} 26. Qb4 {[%clk 00:07:45]} {[%emt
00:02:38]} Re3 {[%clk 00:18:53]} {[%emt 00:03:36]} 27. Ne5 {[%clk 00:06:28]}
{[%emt 00:01:49]} Qe4 {[%clk 00:13:02]} {[%emt 00:06:19]} 28. Rb2 {[%clk
00:04:11]} {[%emt 00:02:49]} Qf4 {[%clk 00:11:00]} {[%emt 00:02:26]} 29. Re1
{[%clk 00:03:25]} {[%emt 00:01:22]} Rxe1 {[%clk 00:10:09]} {[%emt 00:01:20]} 30.
Qxe1 {[%clk 00:03:06]} {[%emt 00:00:51]} Qxd4+ {[%clk 00:10:13]} {[%emt
00:00:26]} 31. Kh1 {[%clk 00:01:42]} {[%emt 00:01:55]} Rxe5 {[%clk 00:10:14]}
{[%emt 00:00:28]}  0-1

[Event "56th Hull Congress"]
[Site "Hull"]
[Date "2019.11.02"]
[Round "3"]
[Board "1"]
[White "Storey, Charles H"]
[Black "Gormally, Daniel W"]
[Result "0-1"]
[WhiteElo "2234"]
[BlackElo "2491"]
[PlyCount "0"]
[EventDate "2019.11.01"]
[EventRounds "5"]
[EventCountry "ENG"]

1. e4 {[%clk 01:30:22]} {[%emt 00:00:38]} c5 {[%clk 01:30:02]} {[%emt
00:00:58]} 2. Nf3 {[%clk 01:30:40]} {[%emt 00:00:13]} d6 {[%clk 01:30:24]}
{[%emt 00:00:07]} 3. d4 {[%clk 01:31:04]} {[%emt 00:00:06]} cxd4 {[%clk
01:30:35]} {[%emt 00:00:19]} 4. Nxd4 {[%clk 01:31:32]} {[%emt 00:00:03]} Nf6
{[%clk 01:31:00]} {[%emt 00:00:04]} 5. Nc3 {[%clk 01:31:44]} {[%emt 00:00:19]}
a6 {[%clk 01:31:05]} {[%emt 00:00:24]} 6. f3 {[%clk 01:31:04]} {[%emt
00:01:10]} e5 {[%clk 01:28:57]} {[%emt 00:02:38]} 7. Nb3 {[%clk 01:31:29]}
{[%emt 00:00:05]} Be6 {[%clk 01:28:59]} {[%emt 00:00:28]} 8. Nd5 {[%clk
01:30:06]} {[%emt 00:01:54]} Bxd5 {[%clk 01:27:29]} {[%emt 00:01:59]} 9. exd5
{[%clk 01:30:20]} {[%emt 00:00:16]} Be7 {[%clk 01:27:28]} {[%emt 00:00:31]} 10.
c4 {[%clk 01:28:02]} {[%emt 00:02:48]} Nbd7 {[%clk 01:24:56]} {[%emt 00:03:02]}
11. Be3 {[%clk 01:26:49]} {[%emt 00:01:43]} O-O {[%clk 01:25:19]} {[%emt
00:00:07]} 12. Be2 {[%clk 01:25:10]} {[%emt 00:02:09]} Nh5 {[%clk 01:25:28]}
{[%emt 00:00:21]} 13. O-O {[%clk 01:24:46]} {[%emt 00:00:54]} Bg5 {[%clk
01:24:46]} {[%emt 00:01:12]} 14. Bxg5 {[%clk 01:20:38]} {[%emt 00:04:38]} Qxg5
{[%clk 01:25:06]} {[%emt 00:00:10]} 15. Qd2 {[%clk 01:20:47]} {[%emt 00:00:22]}
Qg6 {[%clk 01:17:00]} {[%emt 00:08:35]} 16. Rfc1 {[%clk 01:19:54]} {[%emt
00:01:23]} b6 {[%clk 01:15:41]} {[%emt 00:01:49]} 17. Bf1 {[%clk 01:14:05]}
{[%emt 00:06:18]} a5 {[%clk 01:14:59]} {[%emt 00:01:12]} 18. Qf2 {[%clk
01:13:41]} {[%emt 00:00:54]} f5 {[%clk 01:09:07]} {[%emt 00:06:23]} 19. g3
{[%clk 01:13:22]} {[%emt 00:00:50]} a4 {[%clk 01:04:01]} {[%emt 00:05:35]} 20.
Nd2 {[%clk 01:13:46]} {[%emt 00:00:06]} Nc5 {[%clk 01:02:04]} {[%emt 00:02:27]}
21. b4 {[%clk 01:07:36]} {[%emt 00:06:40]} axb3 {[%clk 01:02:26]} {[%emt
00:00:08]} 22. Nxb3 {[%clk 01:07:20]} {[%emt 00:00:46]} f4 {[%clk 00:59:18]}
{[%emt 00:03:37]} 23. g4 {[%clk 01:06:39]} {[%emt 00:01:12]} e4 {[%clk
00:58:50]} {[%emt 00:00:58]} 24. Nxc5 {[%clk 01:06:53]} {[%emt 00:00:17]} bxc5
{[%clk 00:59:13]} {[%emt 00:00:06]} 25. Qc2 {[%clk 01:01:14]} {[%emt 00:06:08]}
Nf6 {[%clk 00:57:42]} {[%emt 00:02:02]} 26. a4 {[%clk 00:55:38]} {[%emt
00:06:06]} h5 {[%clk 00:55:36]} {[%emt 00:02:36]} 27. h3 {[%clk 00:46:14]}
{[%emt 00:09:54]} Qg5 {[%clk 00:54:49]} {[%emt 00:01:16]} 28. Bg2 {[%clk
00:43:39]} {[%emt 00:03:06]} hxg4 {[%clk 00:52:49]} {[%emt 00:02:30]} 29. hxg4
{[%clk 00:43:54]} {[%emt 00:00:15]} exf3 {[%clk 00:47:28]} {[%emt 00:05:51]} 30.
Bxf3 {[%clk 00:44:16]} {[%emt 00:00:08]} Nxg4 {[%clk 00:46:53]} {[%emt
00:01:04]} 31. Bxg4 {[%clk 00:42:29]} {[%emt 00:02:18]} Qxg4+ {[%clk 00:44:24]}
{[%emt 00:02:59]} 32. Qg2 {[%clk 00:42:55]} {[%emt 00:00:04]} Qf5 {[%clk
00:42:29]} {[%emt 00:02:25]} 33. Qf3 {[%clk 00:42:42]} {[%emt 00:00:43]} Rf6
{[%clk 00:38:52]} {[%emt 00:04:06]} 34. Ra2 {[%clk 00:42:53]} {[%emt 00:00:20]}
Rg6+ {[%clk 00:38:43]} {[%emt 00:00:38]} 35. Rg2 {[%clk 00:43:20]} {[%emt
00:00:04]} Rxa4 {[%clk 00:37:47]} {[%emt 00:01:26]} 36. Re1 {[%clk 00:43:30]}
{[%emt 00:00:20]} Rxc4 {[%clk 00:35:59]} {[%emt 00:02:18]} 37. Qe2 {[%clk
00:42:47]} {[%emt 00:01:13]} Rxg2+ {[%clk 00:35:14]} {[%emt 00:01:15]} 38. Qxg2
{[%clk 00:43:08]} {[%emt 00:00:09]} f3 {[%clk 00:33:56]} {[%emt 00:01:48]}  0-1

[Event "56th Hull Congress"]
[Site "Hull"]
[Date "2019.11.02"]
[Round "3"]
[Board "2"]
[White "Richardson, John R"]
[Black "Sowray, Peter J"]
[Result "1/2-1/2"]
[WhiteElo "2225"]
[BlackElo "2361"]
[PlyCount "0"]
[EventDate "2019.11.01"]
[EventRounds "5"]
[EventCountry "ENG"]

1. d4 {[%clk 01:30:59]} d5 {[%clk 01:30:54]} {[%emt 00:00:07]} 2. c4 {[%clk
01:31:24]} {[%emt 00:00:04]} e6 {[%clk 01:31:20]} {[%emt 00:00:04]} 3. Nc3
{[%clk 01:30:57]} {[%emt 00:00:57]} Nf6 {[%clk 01:31:44]} {[%emt 00:00:06]} 4.
cxd5 {[%emt 00:00:09]} exd5 {[%clk 01:32:08]} 5. Bg5 {[%clk 01:31:52]} {[%emt
00:00:03]} c6 {[%clk 01:32:30]} {[%emt 00:00:08]} 6. e3 {[%clk 01:32:17]}
{[%emt 00:00:05]} Be7 {[%clk 01:32:54]} {[%emt 00:00:05]} 7. Bd3 {[%clk
01:32:43]} {[%emt 00:00:04]} Nbd7 {[%clk 01:33:15]} {[%emt 00:00:09]} 8. Bf4
{[%clk 01:29:01]} {[%emt 00:04:13]} Nb6 {[%clk 01:26:43]} {[%emt 00:07:02]} 9.
h3 {[%clk 01:29:02]} {[%emt 00:00:29]} Bd6 {[%clk 01:21:42]} {[%emt 00:05:30]}
10. Nge2 {[%clk 01:28:24]} {[%emt 00:01:08]} Bxf4 {[%clk 01:19:52]} {[%emt
00:02:21]} 11. Nxf4 {[%clk 01:28:44]} {[%emt 00:00:09]} Qe7 {[%clk 01:18:55]}
{[%emt 00:01:27]} 12. Qc2 {[%clk 01:28:49]} {[%emt 00:00:26]} Bd7 {[%clk
01:18:01]} {[%emt 00:01:23]} 13. g4 {[%clk 01:23:07]} {[%emt 00:06:12]} h6
{[%clk 01:11:33]} {[%emt 00:06:58]} 14. O-O-O {[%clk 01:23:22]} {[%emt
00:00:15]} O-O-O {[%clk 01:11:27]} {[%emt 00:00:37]} 15. Kb1 {[%clk 01:22:10]}
{[%emt 00:01:42]} Kb8 {[%clk 01:05:29]} {[%emt 00:06:27]} 16. Nce2 {[%clk
01:11:18]} {[%emt 00:11:22]} g5 {[%clk 01:00:43]} {[%emt 00:05:15]} 17. Ng2
{[%clk 01:09:29]} {[%emt 00:02:19]} h5 {[%clk 00:54:55]} {[%emt 00:06:18]} 18.
f3 {[%clk 01:09:56]} {[%emt 00:00:05]} h4 {[%clk 00:52:37]} {[%emt 00:02:48]}
19. f4 {[%clk 00:54:19]} {[%emt 00:16:07]} Ne4 {[%clk 00:45:33]} {[%emt
00:07:33]} 20. Bxe4 {[%clk 00:53:23]} {[%emt 00:01:26]} dxe4 {[%clk 00:46:01]}
{[%emt 00:00:01]} 21. fxg5 {[%clk 00:52:54]} {[%emt 00:00:59]} Qxg5 {[%clk
00:46:12]} {[%emt 00:00:19]} 22. Qxe4 {[%clk 00:40:11]} {[%emt 00:13:13]} f5
{[%clk 00:46:36]} {[%emt 00:00:06]} 23. Qe5+ {[%clk 00:40:28]} {[%emt
00:00:14]} Kc8 {[%clk 00:46:26]} {[%emt 00:00:39]} 24. Nef4 {[%clk 00:40:04]}
{[%emt 00:00:55]} Nc4 {[%clk 00:39:53]} {[%emt 00:07:02]} 25. Ne6 {[%clk
00:35:31]} {[%emt 00:05:04]} Nxe5 {[%clk 00:40:10]} {[%emt 00:00:12]} 26. Nxg5
{[%clk 00:36:00]} {[%emt 00:00:02]} Rdg8 {[%clk 00:38:56]} {[%emt 00:01:44]} 27.
dxe5 {[%clk 00:36:26]} {[%emt 00:00:04]} Rxg5 {[%clk 00:39:17]} {[%emt
00:00:08]} 28. Nf4 {[%clk 00:36:42]} {[%emt 00:00:13]} fxg4 {[%clk 00:38:53]}
{[%emt 00:00:55]} 29. e6 {[%clk 00:36:51]} {[%emt 00:00:21]} Be8 {[%clk
00:39:10]} {[%emt 00:00:13]} 30. hxg4 {[%clk 00:35:59]} {[%emt 00:01:22]} Rxg4
{[%clk 00:38:20]} {[%emt 00:01:20]} 31. Rh2 {[%clk 00:23:46]} {[%emt 00:12:44]}
Bg6+ {[%clk 00:35:31]} {[%emt 00:03:18]} 32. Nxg6 {[%clk 00:17:58]} {[%emt
00:06:19]} Rxg6 {[%clk 00:35:53]} {[%emt 00:00:07]} 33. e7 {[%clk 00:18:24]}
{[%emt 00:00:04]} Rgg8 {[%clk 00:20:56]} {[%emt 00:15:26]} 34. Rdh1 {[%clk
00:17:59]} {[%emt 00:00:55]} Re8 {[%clk 00:20:29]} {[%emt 00:00:57]}  1/2-1/2

[Event "56th Hull Congress"]
[Site "Hull"]
[Date "2019.11.02"]
[Round "3"]
[Board "3"]
[White "Hebden, Mark L"]
[Black "Moreby, James E"]
[Result "1-0"]
[WhiteElo "2427"]
[BlackElo "2121"]
[PlyCount "0"]
[EventDate "2019.11.01"]
[EventRounds "5"]
[EventCountry "ENG"]

1. d4 {[%clk 01:30:39]} {[%emt 00:00:19]} Nf6 {[%clk 01:30:57]} {[%emt
00:00:05]} 2. Nc3 {[%clk 01:30:49]} {[%emt 00:00:18]} d5 {[%clk 01:31:20]}
{[%emt 00:00:08]} 3. Bf4 {[%clk 01:31:07]} {[%emt 00:00:11]} g6 {[%clk
01:31:10]} {[%emt 00:00:41]} 4. e3 {[%clk 01:30:14]} {[%emt 00:01:23]} Bg7
{[%clk 01:31:31]} {[%emt 00:00:09]} 5. h4 {[%clk 01:27:48]} {[%emt 00:02:55]}
O-O {[%clk 01:29:56]} {[%emt 00:02:06]} 6. h5 {[%clk 01:27:51]} {[%emt
00:00:27]} Nxh5 {[%clk 01:28:50]} {[%emt 00:01:36]} 7. Rxh5 {[%clk 01:27:52]}
{[%emt 00:00:29]} gxh5 {[%clk 01:29:19]} {[%emt 00:00:01]} 8. Qxh5 {[%clk
01:27:57]} {[%emt 00:00:25]} c6 {[%clk 01:23:34]} {[%emt 00:06:15]} 9. Bd3
{[%clk 01:27:22]} {[%emt 00:01:05]} f5 {[%clk 01:22:57]} {[%emt 00:01:07]} 10.
Nf3 {[%clk 01:26:41]} {[%emt 00:01:10]} e6 {[%clk 01:09:59]} {[%emt 00:13:28]}
11. O-O-O {[%clk 01:25:38]} {[%emt 00:01:34]} Nd7 {[%clk 01:10:08]} {[%emt
00:00:20]} 12. Rh1 {[%clk 01:25:20]} {[%emt 00:00:47]} Nf6 {[%clk 01:10:36]}
{[%emt 00:00:04]} 13. Qh4 {[%clk 01:24:34]} {[%emt 00:01:15]} Bd7 {[%clk
01:03:07]} {[%emt 00:07:58]} 14. Ne2 {[%clk 01:18:06]} {[%emt 00:07:00]} Qe7
{[%clk 00:54:29]} {[%emt 00:09:08]} 15. Ne5 {[%clk 01:15:37]} {[%emt 00:02:58]}
Be8 {[%clk 00:52:40]} {[%emt 00:02:19]} 16. g4 {[%clk 01:14:26]} {[%emt
00:01:41]} Bg6 {[%clk 00:51:48]} {[%emt 00:01:22]} 17. Ng3 {[%clk 01:05:40]}
{[%emt 00:09:15]} Rae8 {[%clk 00:39:46]} {[%emt 00:12:33]} 18. gxf5 {[%clk
01:04:39]} {[%emt 00:01:30]} exf5 {[%clk 00:40:04]} {[%emt 00:00:13]} 19. Nxf5
{[%clk 01:02:10]} {[%emt 00:02:59]} Qe6 {[%clk 00:38:47]} {[%emt 00:01:47]} 20.
Nxg7 {[%clk 01:00:12]} {[%emt 00:02:28]}  1-0